000 00572nab a2200193 a 4500
005 20210219155950.0
008 991125s1985 mx 000 0 spa u
035 _aUPN01000155588
100 1 _aDubet, Francois
222 _aREVISTA MEXICANA DE INVESTIGACION EDUCATIVA
245 _a¿Por qué parece imposible reformar el sistema escolar francés?
300 _a109-126
362 0 _a2007 Vol. 12, no. 32(1), ene.-mar.
653 0 _aREFORMA EDUCATIVA
653 0 _aMOVIMIENTO MAGISTERIAL
653 0 _aVOCACION
653 0 _aSOCIALIZACION
905 _aArticulo
999 _c127703
_d127703